| 000 | 00343nam a2200133Ia 4500 | ||
|---|---|---|---|
| 008 | 220216s9999 xx 000 0 und d | ||
| 100 | _aNagamani B | ||
| 245 | 0 | _aBiogas production technology: An Indian perspective | |
| 260 |
_bCurrent Science _c1999 |
||
| 300 | _a44-55 | ||
| 650 | _aBiogas production | ||
| 700 | _aRamasamy K | ||
| 942 | _cJS | ||
| 999 |
_c54776 _d54776 |
||